| 000 | 00000nam##2200000za#4500 |
| 001 | 9.602002 |
| 003 | CaOODSP |
| 005 | 20210624210340 |
| 007 | cr ||||||||||| |
| 008 | 150406|2000||||xxc|||||o f|0| 0 fre|d |
| 040 | |aCaOODSP|bfre |
| 043 | |an-cn--- |
| 086 | 1 |aCC173-3/2-149F-PDF |
| 110 | 2 |aCommission canadienne de sûreté nucléaire. |
| 245 | 10|aLes programmes informatiques utilisés lors de la conception et des analyses de sûreté des centrales nucléaires et des réacteurs de recherche |h[ressource électronique] |
| 260 | |aOttawa - Ontario : |bCommission canadienne de sûreté nucléaire |cOctobre 2000. |
| 300 | |a28p.|bglossaire |
| 490 | 1 |aGuide d'application de la réglementation |vG-149 |
| 500 | |aLe n° de catalogue (CC173-3/2-149F) et l'ISBN (0-662-85192-7) de l'édition imprimée ont été incorrectement copiés dans l'édition électronique. |
| 590 | |a11-14-Supp|b2011-08-12 |
| 775 | 08|tComputer programs used in design and safety analyses of nuclear power plants and research reactors |w(CaOODSP)9.571388 |
| 776 | 0#|tLes programmes informatiques utilisés lors de la conception et des analyses de sûreté des centrales nucléaires et des réacteurs de recherche |w(CaOODSP)9.625466 |
| 830 | #0|aGuide d'application de la réglementation ;|vG-149|w(CaOODSP)9.501114 |
| 856 | 40|ahttp://publications.gc.ca|qPDF|s186 Ko|uhttps://publications.gc.ca/collections/Collection/CC173-3-2-149F.pdf|yG-149 |